<?xml version="1.0" encoding="UTF-8"?>
<resp>
  <nextPage>https://data.bn.org.pl/api/networks/bibs.marcxml?marc=001+b00001150003875&amp;sinceId=1150003876</nextPage>
  <collection>
    <record xmlns='http://www.loc.gov/MARC21/slim'><leader>01029namZa2200337ZiZ4500</leader><controlfield tag='001'>b00001150003875</controlfield><controlfield tag='005'>20241203220219.1</controlfield><controlfield tag='008'>230609s        pl           |000 0 pol c</controlfield><controlfield tag='009'>9913261984405606</controlfield><datafield ind1=' ' ind2=' ' tag='020'><subfield code='a'>8324101039</subfield></datafield><datafield ind1=' ' ind2=' ' tag='035'><subfield code='a'>KR_1KR_1_20120317235409089034-48omnis_kr</subfield></datafield><datafield ind1=' ' ind2=' ' tag='035'><subfield code='a'>KR_1_20120317235409089034</subfield><subfield code='9'>ExL</subfield></datafield><datafield ind1=' ' ind2=' ' tag='035'><subfield code='a'>(PL)b00001150003875</subfield></datafield><datafield ind1=' ' ind2=' ' tag='040'><subfield code='a'>KR_1</subfield><subfield code='c'>KR_1</subfield></datafield><datafield ind1='1' ind2=' ' tag='041'><subfield code='a'>pol</subfield><subfield code='h'>eng</subfield></datafield><datafield ind1='1' ind2=' ' tag='100'><subfield code='a'>Coville, Bruce</subfield></datafield><datafield ind1='1' ind2='0' tag='245'><subfield code='a'>Zgubiłem mózg mojego dziadka /</subfield><subfield code='c'>Bruce Coville ; przekł. Cezary Frąc ; [il. Tony Sansevero].</subfield></datafield><datafield ind1=' ' ind2=' ' tag='260'><subfield code='a'>W-wa :</subfield><subfield code='b'>&quot;Amber&quot;,</subfield><subfield code='c'>2002.</subfield></datafield><datafield ind1=' ' ind2=' ' tag='300'><subfield code='a'>118 s. :</subfield><subfield code='b'>il. ;</subfield><subfield code='c'>19 cm.</subfield></datafield><datafield ind1='1' ind2=' ' tag='490'><subfield code='a'>Byłem Kosmitą z Szóstej Klasy</subfield></datafield><datafield ind1='1' ind2=' ' tag='490'><subfield code='a'>Książki Super</subfield></datafield><datafield ind1=' ' ind2=' ' tag='500'><subfield code='a'>d</subfield></datafield><datafield ind1='1' ind2=' ' tag='700'><subfield code='a'>Frąc, Cezary.</subfield><subfield code='e'>Tł.</subfield></datafield><datafield ind1='1' ind2=' ' tag='700'><subfield code='a'>Sansevero, Tony.</subfield><subfield code='e'>Il.</subfield></datafield><datafield ind1=' ' ind2=' ' tag='852'><subfield code='b'>48OMNIS_NETWORK</subfield><subfield code='8'>9913261984405606</subfield></datafield><datafield ind1=' ' ind2=' ' tag='852'><subfield code='b'>48OMNIS_KR</subfield><subfield code='8'>991000038739708216</subfield></datafield><datafield ind1=' ' ind2=' ' tag='920'><subfield code='a'>83-241-0103-9</subfield></datafield></record>
  </collection>
</resp>
